logo

Bir Sreshtho Munshi Abdur Rouf Library
Jhenaidah Cadet College

Dear to behold : (Record no. 8807)

MARC details
000 -LEADER
fixed length control field 00887nam a22003011 4500
001 - CONTROL NUMBER
JCCL Control Number 8807
003 - CONTROL NUMBER IDENTIFIER
JCCL marc code BD - JhCC
005 - DATE AND TIME OF LATEST TRANSACTION
control field 20180718200856.0
008 - FIXED-LENGTH DATA ELEMENTS--GENERAL INFORMATION
fixed length control field 740610s1967 nyua b 000 0 eng
035 ## - SYSTEM CONTROL NUMBER
system control number (BD - JhCC)8807
035 ## - SYSTEM CONTROL NUMBER
system control number (OCoLC)00407025
035 ## - SYSTEM CONTROL NUMBER
system control number GLIS00452505
040 ## - CATALOGING SOURCE
Original cataloging agency DLC
Transcribing agency DLC
Modifying agency m.c.
-- m/c
-- BD - JhCC
041 ## - LANGUAGE CODE
Language code of Book eng
050 0# - LIBRARY OF CONGRESS CALL NUMBER
Classification number DS479.1.A2
Item number H8
082 ## - DEWEY DECIMAL CLASSIFICATION NUMBER
Author mark and Year HUT 1967
090 ## - LOCALLY ASSIGNED LC-TYPE CALL NUMBER (OCLC); LOCAL CALL NUMBER (OCLC)
Classification number (OCLC) (R) ; Classification number, CALL (RLIN) (NR) DS479.1.A2
Local cutter number (OCLC) ; Book number/undivided call number, CALL (RLIN) H979
099 ## - LOCAL FREE-TEXT CALL NUMBER
Classification number DS479.1.A2.H979
100 1# - MAIN ENTRY--PERSONAL NAME
Personal name Hutheesing, Krishna Nehru,
Dates associated with a name 1907-1967.
245 10 - TITLE STATEMENT
Title Dear to behold :
Remainder of title an intimate portrait of Indira Gandhi /
Statement of responsibility, etc by Krishna Nehru Hutheesing
250 ## - EDITION STATEMENT
Edition statement [1st ed.]
260 ## - PUBLICATION, DISTRIBUTION, ETC. (IMPRINT)
Place of publication, distribution, etc Bombay :
Name of publisher, distributor, etc IBH,
Date of publication, distribution, etc [1967]
300 ## - PHYSICAL DESCRIPTION
Pagination 221 p. :
Other physical details illus.
Dimensions 22 cm.
600 ## - SUBJECT ADDED ENTRY--PERSONAL NAME
Personal name Gandhi, Indira,
Dates associated with a name 1917-1984
650 ## - SUBJECT ADDED ENTRY--TOPICAL TERM
Topical term or geographic name as entry element Women prime ministers
Geographic subdivision India
942 ## - ADDED ENTRY ELEMENTS (KOHA)
Source of classification or shelving scheme Dewey Decimal Classification
Koha item type Books
Holdings
Source of classification or shelving scheme Damaged status Not for loan Home library Current library Shelving location Total Checkouts Full call number Barcode Date last seen Copy number Koha item type
Dewey Decimal Classification     JCC Rouf Library JCC Rouf Library General Stacks   954.040924 HUT 1967 11778 03/04/2018 C - 1 Books

JCC Library | Contacts | JCC Home

Last Update on 23 September 2017
Copyright @ 2017-2020 JCC Rouf Library
Rouf Library, Jhenidah Cadet College (JCC), Bangladesh